000 00786nam a2200217 a 4500
003 0
005 20250329102410.0
008 050810s19uu xx 00 eng d
050 _aPGS ML 3830.M87
_b.Z36 2005
100 _aZara, Melvyn C.
245 _aThe effects of music on grade 7 students on motivation to study /
260 _aLas PiƱas City, Philippines :
_bSouthville International School and Colleges,
_c2005.
300 _a23 pages :
_billustrations ;
_c28 cm.
504 _aIncludes bibliographical references.
650 _aMusic
_vPsychological aspects.
650 _aMotivation in education.
650 _aMusic in education.
650 _aAcademic achievement
_vPsychological aspects.
650 _aStudy skills
_vMotivational aspects.
942 _2lcc
_cPASS
999 _c97447
_d97447